Sicología para todos /
Guardado en:
| Autor Principal: | |
|---|---|
| Otros Autores: | |
| Formato: | Desconocido |
| Idioma: | Spanish |
| Publicado: |
Vizcaya :
Ediciones Paulinas,
1959
|
| Series: | Sicología y pedagogía
|
| Materias: | |
| Etiquetas: |
Agregar Etiqueta
Sin Etiquetas, Sea el primero en etiquetar este registro!
|
| LEADER | 00499nac a22001575a 4500 | ||
|---|---|---|---|
| 001 | DER.der002204 | ||
| 005 | 20170322000000.0 | ||
| 008 | 180615s1959####||||||||||||||||||||spa|| | ||
| 100 | 1 | |a Dempsey, Pedro J. R. | |
| 245 | 1 | 0 | |a Sicología para todos / |c Pedro J. R. Dempsey , traducido por M. Alcover |
| 260 | |a Vizcaya : |b Ediciones Paulinas, |c 1959 | ||
| 300 | 0 | |a 178 p. | |
| 440 | 0 | |a Sicología y pedagogía | |
| 653 | |a SICOLOGIA | ||
| 700 | 1 | |a Alcover, M. |e traductor | |
| 859 | |a DERECHO |b BIB. DERECHO |h 159.9 |i DEM |p 004334 | ||
